| 000 | 00851nam a2200277 i 4500 | ||
|---|---|---|---|
| 001 | 000039276 | ||
| 003 | DO-SdBNP | ||
| 005 | 20260209095048.0 | ||
| 007 | ta | ||
| 008 | 130619s1982 xxuc 000 0 spa d | ||
| 040 |
_aDO-SdBNP _bspa _cBNPHU _erda |
||
| 041 | _aspa | ||
| 082 | 4 |
_a364.1524 _bU54c _222 |
|
| 100 | 1 |
_aUnanue, Manuel de Dios, _eautor _4aut. _965471 |
|
| 245 | 1 | 3 |
_aEl caso Galindez : _blos vascos en los servicios de inteligencia de EE.UU / _cManuel de Dios Unanue. |
| 264 | 1 |
_aSanto Domingo : _bCupre, _c1982. |
|
| 300 |
_a170 páginas : _bretratos ; _c26 cm. |
||
| 336 |
_atexto _btxt _2rdacontent |
||
| 337 |
_asin mediación _bn _2rdamedia |
||
| 338 |
_avolumen _bnc _2rdacarrier |
||
| 590 | _aInventariado, 2023 / DG | ||
| 650 | 4 |
_aDemografía _945443 |
|
| 650 | 4 |
_aHomicidio político _931686 |
|
| 910 | _aDG | ||
| 942 |
_2ddc _cLBS1 |
||
| 999 |
_c38766 _d38766 |
||